00637 a2200121 4500082001000000100005700010245016300067260008100230300003400311500005600345700005700401856005700458 aBEE-4 aM. Fakha Ali Khan, Sahar Tanveer, Syed Farjad Zaheer aSPOT system (standalone power for outreach terrain): MPPT based sola power system [project report BEE-4]cM. Fakha Ali Khan, Sahar Tanveer, Syed Farjad Zaheer aIslamabadbNUST School of Electrical Engineering and Computer Sciencec2011. a89p.b;ill.c:27cm. +eCD-ROM aSupervisors: Mr. Sharifullah Amir, Mr. Abid Mushtaq aM. Fakha Ali Khan, Sahar Tanveer, Syed Farjad Zaheer uhttp://10.250.8.41:8080/xmlui/handle/123456789/28855